000 00484nam a2200157 i 4500
001 65859
003 ES-MaACL
005 20230906165504.0
007 t|
008 040122s1963 sp ||||1| spa d
245 0 3 _aEl Fuero de San Sebastián /
_cpor José Luis Banus y Aguirre.
260 _a[Zarauz] :
_bAyuntamiento de San Sebastián,
_c1963.
300 _aXVI, 259 p., 19 lám. ;
_c26 cm.
700 1 _aBanus y Aguirre, José Luis.
_925219
852 _aES-MaACL
_jC-24121
_bR.52905
999 _c65859
_d65859